[Event "ECCC 2013"]
[Site "Rhodes"]
[Date "2013.10.25"]
[Round "6"]
[White "Halvax, Georg"]
[Black "Meribanov, Vitaly"]
[Result "1/2-1/2"]
[WhiteElo "2326"]
[BlackElo "2404"]
[PlyCount "87"]
[EventDate "2013.10.20"]
[EventType "team"]
[EventRounds "7"]
[EventCountry "GRE"]
[WhiteTeam "Schachclub MPO Maria Saal"]
[BlackTeam "Minsk"]

1. e4 c5 2. Nf3 Nc6 3. d4 cxd4 4. Nxd4 g6 5. Nc3 Bg7 6. Be3 Nf6 7. Bc4 d6 8. f3
Nd7 9. Bb3 Nb6 10. Nd5 Nxd5 11. exd5 Ne5 12. Qd2 Bd7 13. O-O O-O 14. Bh6 Rc8
15. Bxg7 Kxg7 16. f4 Ng4 17. Rae1 Nh6 18. c3 Rc5 19. h3 Nf5 20. Nxf5+ Bxf5 21.
g4 Bd7 22. f5 f6 23. Kh2 a5 24. Re4 Rf7 25. Qd3 Qc7 26. Rf2 Bb5 27. c4 a4 28.
fxg6 axb3 29. axb3 hxg6 30. cxb5 Qb6 31. Rfe2 Qxb5 32. Qxb5 Rxb5 33. Rxe7 Rxd5
34. Re8 f5 35. g5 f4 36. h4 Rd3 37. b4 f3 38. Rf2 Rd4 39. Kg3 Rxb4 40. Rxf3
Rxb2 41. Rd3 Rd7 42. Rf3 Rf7 43. Rd3 Rd7 44. Rf3 1/2-1/2

[Event "ECCC 2013"]
[Site "Rhodes"]
[Date "2013.10.25"]
[Round "6"]
[White "Kocheev, Aleksandr"]
[Black "Hartl, Daniel"]
[Result "1/2-1/2"]
[WhiteElo "2388"]
[BlackElo "2289"]
[PlyCount "63"]
[EventDate "2013.10.20"]
[EventType "team"]
[EventRounds "7"]
[EventCountry "GRE"]
[WhiteTeam "Minsk"]
[BlackTeam "Schachclub MPO Maria Saal"]

1. e4 e5 2. Nf3 Nc6 3. d4 exd4 4. Nxd4 Nf6 5. Nxc6 bxc6 6. e5 Qe7 7. Qe2 Nd5 8.
c4 Ba6 9. b3 O-O-O 10. Bb2 Re8 11. Nd2 Nb4 12. Nf3 c5 13. g3 Bb7 14. Bh3 Nc2+
15. Qxc2 Bxf3 16. O-O h5 17. Qd3 Bc6 18. b4 cxb4 19. a3 h4 20. g4 bxa3 21. Bd4
Qe6 22. Rfb1 a5 23. Qb3 Bb4 24. Rxa3 Kd8 25. Rd1 Bxa3 26. g5 Qg6 27. Qxa3 Qe4
28. Kf1 Qh1+ 29. Ke2 Qe4+ 30. Kf1 Qh1+ 31. Ke2 Qe4+ 32. Kf1 1/2-1/2

[Event "ECCC 2013"]
[Site "Rhodes"]
[Date "2013.10.25"]
[Round "6"]
[White "Boruchovsky, Avital"]
[Black "Rapport, Richard"]
[Result "1/2-1/2"]
[WhiteElo "2453"]
[BlackElo "2676"]
[PlyCount "74"]
[EventDate "2013.10.20"]
[EventType "team"]
[EventRounds "7"]
[EventCountry "GRE"]
[WhiteTeam "Kfar Saba Chess Club"]
[BlackTeam "Clichy Echecs 92"]

1. e4 d6 2. d4 g6 3. Nf3 Bg7 4. c3 Nf6 5. Bd3 O-O 6. O-O Nc6 7. d5 Nb8 8. c4 a5
9. Nc3 Na6 10. h3 Nh5 11. Bg5 Nc5 12. Bc2 h6 13. Be3 e5 14. dxe6 Bxe6 15. Qe2
b6 16. Nd4 Re8 17. Rad1 Bd7 18. Qf3 Nf6 19. Rfe1 Nh7 20. Qg3 Ng5 21. f3 Kh8 22.
Kh1 a4 23. Bf2 Nge6 24. Nde2 g5 25. Be3 Be5 26. Qf2 Rg8 27. a3 Nf4 28. Bd4 f6
29. Nxf4 gxf4 30. Qh4 Rg6 31. Nd5 Ne6 32. Bxe5 fxe5 33. Ne7 Rg7 34. Qxh6+ Rh7
35. Qf6+ Rg7 36. Qh6+ Rh7 37. Qf6+ Rg7 1/2-1/2

[Event "ECCC 2013"]
[Site "Rhodes"]
[Date "2013.10.25"]
[Round "6"]
[White "Tregubov, Pavel V"]
[Black "Givon, Asaf"]
[Result "1-0"]
[WhiteElo "2606"]
[BlackElo "2445"]
[PlyCount "115"]
[EventDate "2013.10.20"]
[EventType "team"]
[EventRounds "7"]
[EventCountry "GRE"]
[WhiteTeam "Clichy Echecs 92"]
[BlackTeam "Kfar Saba Chess Club"]

1. d4 Nf6 2. c4 g6 3. Nc3 d5 4. e3 Bg7 5. cxd5 Nxd5 6. Nxd5 Qxd5 7. Ne2 O-O 8.
Nc3 Qd8 9. Be2 c5 10. d5 e6 11. e4 exd5 12. exd5 Qb6 13. O-O Na6 14. d6 Be6 15.
Na4 Qc6 16. Bf3 Qd7 17. Nc3 c4 18. Ne4 Bf5 19. Bg5 Rfe8 20. Nf6+ Bxf6 21. Bxf6
Bd3 22. Be7 Bxf1 23. Bg4 Qb5 24. Qxf1 Rxe7 25. dxe7 Re8 26. Re1 Nb4 27. b3 Qc5
28. Qxc4 Rxe7 29. Rxe7 Qxe7 30. Qc8+ Kg7 31. Qc3+ Qf6 32. Qxf6+ Kxf6 33. a4 Ke5
34. Be2 a5 35. Bc4 f6 36. h4 Kd4 37. Bg8 h6 38. Kh2 Nd3 39. Kg3 Kc3 40. Bf7 g5
41. h5 f5 42. Bg6 f4+ 43. Kg4 Nxf2+ 44. Kf5 Kd4 45. Bf7 b6 46. Bc4 Ke3 47. Kg6
g4 48. Kxh6 Nd3 49. Bd5 f3 50. gxf3 g3 51. f4 Nxf4 52. Bc6 g2 53. Bxg2 Nxg2 54.
Kg5 Nf4 55. h6 Ne6+ 56. Kf6 Nf8 57. Ke7 Ng6+ 58. Kf7 1-0

[Event "ECCC 2013"]
[Site "Rhodes"]
[Date "2013.10.25"]
[Round "6"]
[White "Delorme, Axel"]
[Black "Judkovsky, Yair"]
[Result "1-0"]
[WhiteElo "2482"]
[BlackElo "2348"]
[PlyCount "95"]
[EventDate "2013.10.20"]
[EventType "team"]
[EventRounds "7"]
[EventCountry "GRE"]
[WhiteTeam "Clichy Echecs 92"]
[BlackTeam "Kfar Saba Chess Club"]

1. d4 d5 2. c4 e6 3. Nf3 c5 4. e3 Nf6 5. Nc3 Nc6 6. a3 a6 7. dxc5 Bxc5 8. b4
Ba7 9. Qc2 O-O 10. Bb2 Qe7 11. O-O-O dxc4 12. g4 b5 13. g5 Ne8 14. Rg1 Bb7 15.
Rg3 Bb8 16. Rh3 g6 17. Ne4 e5 18. Nc5 Bd6 19. Nxb7 Qxb7 20. Bg2 Qc7 21. Nd2 a5
22. Nxc4 bxc4 23. b5 Nb4 24. axb4 Rc8 25. Bc6 Bxb4 26. Rd7 Qb8 27. Qxc4 Ng7 28.
Qd5 Rce8 29. f4 Qb6 30. Bxe5 Rxe5 31. Qxe5 a4 32. Kb1 Qa5 33. e4 a3 34. Qd5 Qb6
35. Qd4 Bc5 36. Qc4 Bg1 37. Bd5 Qf2 38. Rxa3 Qe1+ 39. Ka2 Qf2+ 40. Kb3 Qe3+ 41.
Qc3 Qb6 42. Bxf7+ Kh8 43. Bc4 Qe3 44. Qxe3 Bxe3 45. Rf7 Rb8 46. Bd5 Nh5 47. Kc4
Bb6 48. Ra8 1-0

[Event "ECCC 2013"]
[Site "Rhodes"]
[Date "2013.10.25"]
[Round "6"]
[White "Mindlin, Alon"]
[Black "Mullon, Jean-Baptiste"]
[Result "0-1"]
[WhiteElo "2286"]
[BlackElo "2445"]
[PlyCount "60"]
[EventDate "2013.10.20"]
[EventType "team"]
[EventRounds "7"]
[EventCountry "GRE"]
[WhiteTeam "Kfar Saba Chess Club"]
[BlackTeam "Clichy Echecs 92"]

1. d4 Nf6 2. c4 g6 3. Nc3 Bg7 4. e4 O-O 5. f3 c5 6. Nge2 d6 7. Be3 Qa5 8. Qd2
a6 9. Nd5 Qxd2+ 10. Kxd2 Nxd5 11. cxd5 b6 12. Rc1 f5 13. h3 fxe4 14. fxe4 Nd7
15. g4 a5 16. Bg2 Ba6 17. Rhd1 Rf7 18. b3 Bxe2 19. Kxe2 cxd4 20. Bxd4 Bxd4 21.
Rxd4 g5 22. Ke3 Raf8 23. Rc7 Ne5 24. Rd2 b5 25. Rdc2 Kg7 26. Rb7 b4 27. Ra7 h5
28. gxh5 g4 29. hxg4 Nxg4+ 30. Kd4 e5+ 0-1

[Event "ECCC 2013"]
[Site "Rhodes"]
[Date "2013.10.25"]
[Round "6"]
[White "Bok, Benjamin"]
[Black "Ikonnikov, Vyacheslav"]
[Result "1-0"]
[WhiteElo "2525"]
[BlackElo "2564"]
[PlyCount "95"]
[EventDate "2013.10.20"]
[EventType "team"]
[EventRounds "7"]
[EventCountry "GRE"]
[WhiteTeam "Amay Chess Club"]
[BlackTeam "En Passant"]

1. e4 c5 2. Nf3 Nc6 3. Bb5 g6 4. Bxc6 dxc6 5. d3 Nh6 6. a4 f6 7. a5 e5 8. O-O
Nf7 9. Be3 Bd6 10. Nc3 Qe7 11. Nd2 Be6 12. Qe2 O-O 13. Na4 Rab8 14. f3 b5 15.
axb6 axb6 16. b4 cxb4 17. Nxb6 Bc5 18. Qf2 Bxe3 19. Qxe3 Nd6 20. Qc5 Qc7 21.
Ra6 Nb5 22. Nbc4 Nd4 23. Nb3 Nxc2 24. Nca5 Bxb3 25. Nxb3 Na3 26. Rxc6 Qf7 27.
Rc7 Qe6 28. Nd4 Qb6 29. Qe7 Qxc7 30. Qxc7 exd4 31. Qd6 Nc2 32. Rb1 Rbc8 33.
Qe6+ Kg7 34. Qd7+ Kg8 35. Rb2 Rc3 36. Ra2 Rf7 37. Ra8+ Kg7 38. Qe8 Rcc7 39. Rb8
Ne1 40. Qg8+ Kh6 41. h3 Nxd3 42. Rf8 Rfd7 43. Rxf6 Ne5 44. Qf8+ Kh5 45. f4 Nf7
46. Kh2 Nh6 47. Rb6 Nf7 48. Qg7 1-0

[Event "ECCC 2013"]
[Site "Rhodes"]
[Date "2013.10.25"]
[Round "6"]
[White "Nijboer, Friso"]
[Black "Zaragatski, Ilja"]
[Result "1-0"]
[WhiteElo "2528"]
[BlackElo "2510"]
[PlyCount "59"]
[EventDate "2013.10.20"]
[EventType "team"]
[EventRounds "7"]
[EventCountry "GRE"]
[WhiteTeam "En Passant"]
[BlackTeam "Amay Chess Club"]

1. e4 c5 2. Nf3 g6 3. d4 Bg7 4. dxc5 Qa5+ 5. c3 Qxc5 6. Na3 Nf6 7. Nb5 b6 8. b4
Qc6 9. e5 Ng4 10. Nfd4 Qe4+ 11. Qe2 Qxe2+ 12. Bxe2 Nxe5 13. Nc7+ Kd8 14. Nxa8
Bb7 15. Nxb6 axb6 16. O-O Bd5 17. a4 Nbc6 18. Be3 Kc7 19. Nb5+ Kb7 20. Rfd1 Be6
21. a5 bxa5 22. bxa5 Ra8 23. f4 Bh6 24. a6+ Kc8 25. Nd4 Nc4 26. Bxc4 Bxc4 27.
Nxc6 dxc6 28. a7 c5 29. Ra5 Kb7 30. Rxc5 1-0

[Event "ECCC 2013"]
[Site "Rhodes"]
[Date "2013.10.25"]
[Round "6"]
[White "Burg, Twan"]
[Black "Bosboom, Manuel"]
[Result "0-1"]
[WhiteElo "2499"]
[BlackElo "2390"]
[PlyCount "60"]
[EventDate "2013.10.20"]
[EventType "team"]
[EventRounds "7"]
[EventCountry "GRE"]
[WhiteTeam "Amay Chess Club"]
[BlackTeam "En Passant"]

1. e4 c5 2. Nf3 d6 3. d4 cxd4 4. Nxd4 Nf6 5. f3 e6 6. c4 Be7 7. Nc3 O-O 8. Be2
Nbd7 9. O-O d5 10. Kh1 dxe4 11. fxe4 Bb4 12. Qc2 e5 13. Nf5 Bxc3 14. bxc3 Nc5
15. Nxg7 Kxg7 16. Bg5 Ncxe4 17. Bh4 Qd7 18. Bf3 Qe6 19. Bxe4 Nxe4 20. Qxe4 f5
21. Qf3 Bd7 22. Rae1 Rae8 23. Bf2 Bc6 24. Qg3+ Kf7 25. Qh3 Rg8 26. Bg3 f4 27.
Qh5+ Rg6 28. Rf2 Qg4 29. Rxe5 Rxe5 30. Qxe5 Qd1+ 0-1

[Event "ECCC 2013"]
[Site "Rhodes"]
[Date "2013.10.25"]
[Round "6"]
[White "Vedder, Henk"]
[Black "Tan, Matthew"]
[Result "1-0"]
[WhiteElo "2367"]
[BlackElo "2438"]
[PlyCount "55"]
[EventDate "2013.10.20"]
[EventType "team"]
[EventRounds "7"]
[EventCountry "GRE"]
[WhiteTeam "En Passant"]
[BlackTeam "Amay Chess Club"]

1. e4 e6 2. d4 d5 3. Nc3 Nc6 4. Nf3 Nf6 5. e5 Ne4 6. Ne2 f6 7. exf6 Qxf6 8. Ng3
Bd6 9. Qd3 Nb4 10. Qe2 Qg6 11. Nh4 Nxg3 12. hxg3 Qxc2 13. Qh5+ Kd7 14. Bb5+ c6
15. Qf7+ Be7 16. Bg5 Re8 17. Nf3 Qf5 18. Ne5+ Kd8 19. Bxe7+ Rxe7 20. Qg8+ Kc7
21. O-O cxb5 22. Rac1+ Nc6 23. Rc3 Rb8 24. g4 Qf6 25. Qxh7 g6 26. Qh2 b4 27.
Nxc6+ e5 28. Nxe7+ 1-0

[Event "ECCC 2013"]
[Site "Rhodes"]
[Date "2013.10.25"]
[Round "6"]
[White "Broekmeulen, Jasper"]
[Black "Vedder, Richard"]
[Result "1-0"]
[WhiteElo "2435"]
[BlackElo "2257"]
[PlyCount "81"]
[EventDate "2013.10.20"]
[EventType "team"]
[EventRounds "7"]
[EventCountry "GRE"]
[WhiteTeam "Amay Chess Club"]
[BlackTeam "En Passant"]

1. e4 e5 2. Nf3 Nc6 3. Bc4 Nf6 4. d3 Be7 5. Bb3 d6 6. c3 O-O 7. h3 Na5 8. Bc2
c5 9. a3 Nc6 10. b4 Qc7 11. O-O b6 12. Re1 Bb7 13. Bb2 Nd8 14. Nbd2 Ne6 15. d4
c4 16. Nf1 b5 17. Bc1 exd4 18. Nxd4 Nxd4 19. Qxd4 Nd7 20. Bf4 Bf6 21. Qd2 Ne5
22. Rad1 Rad8 23. Ng3 g6 24. Bg5 Bxg5 25. Qxg5 f6 26. Qe3 a6 27. Rd2 Rfe8 28.
Qf4 Kg7 29. Red1 Qb6 30. Rd4 Nf7 31. h4 Re5 32. h5 Ree8 33. h6+ Nxh6 34. Rxd6
Rxd6 35. Rxd6 Qc7 36. Nh5+ gxh5 37. Qxf6+ Kg8 38. Qxh6 Re7 39. e5 Rg7 40. Qf6
Re7 41. Qg5+ 1-0

[Event "ECCC 2013"]
[Site "Rhodes"]
[Date "2013.10.25"]
[Round "6"]
[White "De Graaf, Dick"]
[Black "Kleijn, Christov"]
[Result "0-1"]
[WhiteElo "2199"]
[BlackElo "2423"]
[PlyCount "66"]
[EventDate "2013.10.20"]
[EventType "team"]
[EventRounds "7"]
[EventCountry "GRE"]
[WhiteTeam "En Passant"]
[BlackTeam "Amay Chess Club"]

1. e4 c5 2. Nf3 d6 3. d4 cxd4 4. Nxd4 Nf6 5. Nc3 a6 6. Be3 e5 7. Nb3 Be6 8. h3
h5 9. Qf3 Nbd7 10. Rg1 h4 11. O-O-O Rc8 12. Nd5 Bxd5 13. exd5 Nb6 14. Kb1 e4
15. Qe2 Rh5 16. g4 hxg3 17. fxg3 Rxd5 18. Bd4 Be7 19. Bg2 Rxd4 20. Nxd4 d5 21.
g4 g6 22. h4 Na4 23. Nb3 Qc7 24. Rd4 Nxb2 25. Kxb2 Qc3+ 26. Kc1 Nxg4 27. Qd2
Ba3+ 28. Kd1 Qg3 29. Qg5 Qf2 30. Qxg4 Qxg1+ 31. Ke2 Rxc2+ 32. Rd2 Rc3 33. Qg5
Be7 0-1

[Event "ECCC 2013"]
[Site "Rhodes"]
[Date "2013.10.25"]
[Round "6"]
[White "Shengelia, David"]
[Black "Heimann, Andreas"]
[Result "0-1"]
[WhiteElo "2556"]
[BlackElo "2493"]
[PlyCount "132"]
[EventDate "2013.10.20"]
[EventType "team"]
[EventRounds "7"]
[EventCountry "GRE"]
[WhiteTeam "SK Advisory Invest Baden"]
[BlackTeam "Reichenstein SSB"]

1. Nf3 d5 2. b3 Bg4 3. Bb2 Nd7 4. e3 Ngf6 5. h3 Bxf3 6. Qxf3 e6 7. g4 c6 8. h4
Qc7 9. Bh3 Ne5 10. Qe2 O-O-O 11. g5 Ne8 12. d4 Nd7 13. c4 Qa5+ 14. Kf1 h6 15.
c5 hxg5 16. hxg5 Be7 17. f4 f6 18. gxf6 gxf6 19. f5 exf5 20. Bc3 Qc7 21. Qf3
Ng7 22. Be1 Rdg8 23. Nc3 Qd8 24. Rc1 Qe8 25. Rc2 Bd8 26. Rg2 Rh5 27. Ne2 Rg5
28. Rhg1 Rh8 29. Nf4 Qe4 30. Qxe4 fxe4 31. b4 Rh7 32. a4 a6 33. b5 axb5 34.
axb5 Bc7 35. bxc6 bxc6 36. Bg4 Nf5 37. Bd2 Nh6 38. Be6 Re7 39. Bh3 Bxf4 40.
exf4 Rh5 41. Rg3 f5 42. Kg2 Rh7 43. Ra1 Ng4 44. Rb3 Kd8 45. Ba5+ Ke7 46. Bc7
Rg7 47. Rg3 Ne3+ 48. Kh2 Rxg3 49. Kxg3 Nc2 50. Ra4 e3 51. Bf1 Nf6 52. Ra7 Ke8
53. Be5 Ne4+ 54. Kg2 Ne1+ 55. Kg1 Nf3+ 56. Kg2 Ne1+ 57. Kg1 Nf3+ 58. Kg2 Nxe5
59. fxe5 Nd2 60. Bd3 Rg5+ 61. Kh3 f4 62. Ra8+ Ke7 63. Ra7+ Ke6 64. Ba6 Rg3+ 65.
Kh4 Nf3+ 66. Kh5 Nxd4 0-1

[Event "ECCC 2013"]
[Site "Rhodes"]
[Date "2013.10.25"]
[Round "6"]
[White "Volke, Karsten"]
[Black "Lendwai, Reinhard"]
[Result "1/2-1/2"]
[WhiteElo "2459"]
[BlackElo "2379"]
[PlyCount "46"]
[EventDate "2013.10.20"]
[EventType "team"]
[EventRounds "7"]
[EventCountry "GRE"]
[WhiteTeam "Reichenstein SSB"]
[BlackTeam "SK Advisory Invest Baden"]

1. d4 Nf6 2. c4 e6 3. Nc3 Bb4 4. e3 c5 5. Bd3 d5 6. Nf3 O-O 7. O-O dxc4 8. Bxc4
Nbd7 9. Qe2 cxd4 10. exd4 Nb6 11. Bb3 Nbd5 12. Bd2 Be7 13. Ne5 Bd7 14. Rfe1 Bc6
15. Rad1 Rc8 16. Bg5 Qd6 17. Rd3 Rfd8 18. Rg3 Rc7 19. Bh6 Bf8 20. Bg5 Be7 21.
Bh6 Bf8 22. Bg5 Be7 23. Bh6 Bf8 1/2-1/2

[Event "ECCC 2013"]
[Site "Rhodes"]
[Date "2013.10.25"]
[Round "6"]
[White "Ganaus, Hannes"]
[Black "Riff, Vincent"]
[Result "0-1"]
[WhiteElo "2302"]
[BlackElo "2335"]
[PlyCount "70"]
[EventDate "2013.10.20"]
[EventType "team"]
[EventRounds "7"]
[EventCountry "GRE"]
[WhiteTeam "SK Advisory Invest Baden"]
[BlackTeam "Reichenstein SSB"]

1. d4 d5 2. c4 c6 3. e3 Nf6 4. Nc3 a6 5. Qc2 g6 6. Bd3 Bg7 7. Nf3 O-O 8. O-O
Be6 9. b3 c5 10. Ba3 Nbd7 11. Ng5 Rc8 12. Nxe6 fxe6 13. Rad1 Qc7 14. Be2 b5 15.
Bb2 cxd4 16. Rxd4 Ne5 17. cxb5 axb5 18. Qb1 Nh5 19. Nxb5 Qc2 20. Bxh5 Rxf2 21.
Qxc2 Rfxc2 22. Ba1 gxh5 23. Rh4 Ng6 24. Rxh5 e5 25. a4 e6 26. a5 Ra2 27. b4
Rcc2 28. Nc3 Ra3 29. Nb5 Raa2 30. Nc3 Ra3 31. Nb5 Rb3 32. Bc3 d4 33. exd4 Nf4
34. Rxf4 exf4 35. h3 f3 0-1

[Event "ECCC 2013"]
[Site "Rhodes"]
[Date "2013.10.25"]
[Round "6"]
[White "Lutz, Bernhard"]
[Black "Dzierzenga, Stefan"]
[Result "1-0"]
[WhiteElo "2339"]
[BlackElo "2173"]
[PlyCount "69"]
[EventDate "2013.10.20"]
[EventType "team"]
[EventRounds "7"]
[EventCountry "GRE"]
[WhiteTeam "Reichenstein SSB"]
[BlackTeam "SK Advisory Invest Baden"]

1. d4 Nf6 2. c4 c5 3. d5 b5 4. cxb5 a6 5. bxa6 g6 6. Nc3 Bxa6 7. g3 d6 8. Bg2
Bg7 9. Nf3 Nbd7 10. Rb1 Nb6 11. O-O Bc4 12. Ne1 Bxa2 13. Nxa2 Rxa2 14. Nc2 Ra8
15. e4 Nfd7 16. h4 h5 17. f4 O-O 18. g4 hxg4 19. e5 dxe5 20. f5 Nf6 21. Bg5
Nbd7 22. fxg6 fxg6 23. Ne3 Ra6 24. Qd3 Ra4 25. Qxg6 Qe8 26. Qc2 Rb4 27. Nf5 Nh5
28. Nxe7+ Kh8 29. Ng6+ Kg8 30. Ne7+ Kh8 31. Rxf8+ Nxf8 32. Qxc5 Rb5 33. Qc4 Nf4
34. d6 Qb8 35. Qg8# 1-0

[Event "ECCC 2013"]
[Site "Rhodes"]
[Date "2013.10.25"]
[Round "6"]
[White "Lubczynski, Rafal"]
[Black "Solak, Dragan"]
[Result "1/2-1/2"]
[WhiteElo "2432"]
[BlackElo "2611"]
[PlyCount "158"]
[EventDate "2013.10.20"]
[EventType "team"]
[EventRounds "7"]
[EventCountry "GRE"]
[WhiteTeam "Sautron"]
[BlackTeam "Besiktas JK"]

1. c4 c5 2. Nf3 Nc6 3. d4 cxd4 4. Nxd4 g6 5. Nc3 Bg7 6. Nc2 d6 7. g3 Be6 8. Nd5
Rc8 9. Bg2 h5 10. h3 Na5 11. Nce3 Qd7 12. Qd3 Nc6 13. Rb1 Nf6 14. Nf4 O-O 15.
Nxe6 Qxe6 16. b3 Nb4 17. Qd4 b6 18. Bb2 Ne8 19. Qd2 Bxb2 20. Qxb2 Nf6 21. a3
Nc6 22. O-O Qe5 23. Rfd1 Rfd8 24. Qxe5 Nxe5 25. f4 Nc6 26. Kf2 e6 27. Rd3 Kf8
28. Rbd1 Ke7 29. Ke1 h4 30. g4 g5 31. Bxc6 Rxc6 32. Ng2 gxf4 33. Nxf4 Ne4 34.
Re3 Ng5 35. Rdd3 Rc5 36. Nd5+ Kf8 37. Nf6 b5 38. cxb5 Rxb5 39. Ne4 Nxe4 40.
Rxe4 a5 41. Rc4 Rdb8 42. Rxd6 Rxb3 43. Rd7 Kg7 44. Rf4 Rf8 45. Rf3 Rxf3 46.
exf3 Rb8 47. Ke2 Rb1 48. Ra7 Rb2+ 49. Kf1 Rb5 50. a4 Rc5 51. f4 Kg6 52. Ra6 Kf6
53. Kg2 Rc2+ 54. Kg1 Rc1+ 55. Kg2 Rc2+ 56. Kg1 Rc4 57. Rxa5 Rxf4 58. Kg2 e5 59.
Ra8 Rb4 60. a5 Rb2+ 61. Kg1 Ra2 62. a6 Kg5 63. Kf1 e4 64. Rf8 f6 65. Re8 Kf4
66. Re6 f5 67. Rf6 Kg3 68. Rxf5 Kxh3 69. Rf4 Kg3 70. Rxe4 Ra1+ 71. Re1 Rxa6 72.
Kg1 Ra3 73. g5 Kh3 74. Kh1 Kg4 75. Rg1+ Kh5 76. Kh2 Kg6 77. Rg2 Rg3 78. Rxg3
hxg3+ 79. Kxg3 Kxg5 1/2-1/2

[Event "ECCC 2013"]
[Site "Rhodes"]
[Date "2013.10.25"]
[Round "6"]
[White "Kanmazalp, Ogulcan"]
[Black "Tripoteau, Nicolas"]
[Result "1-0"]
[WhiteElo "2417"]
[BlackElo "2363"]
[PlyCount "111"]
[EventDate "2013.10.20"]
[EventType "team"]
[EventRounds "7"]
[EventCountry "GRE"]
[WhiteTeam "Besiktas JK"]
[BlackTeam "Sautron"]

1. e4 c5 2. Nf3 e6 3. d4 cxd4 4. Nxd4 a6 5. Bd3 Bc5 6. Nb3 Be7 7. Qg4 g6 8. Qe2
d6 9. O-O b6 10. Nc3 Nd7 11. Bd2 Bb7 12. f4 Qc7 13. Rae1 h5 14. e5 Nh6 15. exd6
Bxd6 16. Ne4 Be7 17. Bc3 O-O 18. Ng5 Bd5 19. Qxh5 Qxc3 20. Qxh6 Bxg5 21. Qxf8+
Kxf8 22. bxc3 Bf6 23. c4 Bc6 24. Be4 Rc8 25. Bxc6 Rxc6 26. Re4 Bc3 27. c5 b5
28. Rf3 Bb2 29. a4 Nxc5 30. axb5 axb5 31. Rb4 Na6 32. Rxb5 Rxc2 33. Rf2 Rxf2
34. Kxf2 Nc7 35. Rb7 Nd5 36. Kf3 Bc3 37. Nc5 Bd4 38. Ne4 f6 39. h4 Kg8 40. g3
Kf8 41. Nd6 Bc5 42. Nb5 Ne7 43. Nc3 Bd4 44. Rc7 Bxc3 45. Rxc3 f5 46. Rc7 Kf7
47. Ke3 Kf6 48. Kd4 Nd5 49. Rb7 Ne7 50. Kc5 Nd5 51. Kd6 Nc3 52. Re7 Ne4+ 53.
Kd7 Nxg3 54. Ke8 g5 55. hxg5+ Kg6 56. Kf8 1-0

[Event "ECCC 2013"]
[Site "Rhodes"]
[Date "2013.10.25"]
[Round "6"]
[White "Atakisi, Umut"]
[Black "Aubry, Yannis"]
[Result "1-0"]
[WhiteElo "2346"]
[BlackElo "2184"]
[PlyCount "107"]
[EventDate "2013.10.20"]
[EventType "team"]
[EventRounds "7"]
[EventCountry "GRE"]
[WhiteTeam "Besiktas JK"]
[BlackTeam "Sautron"]

1. e4 e6 2. d4 d5 3. Nd2 Nf6 4. e5 Nfd7 5. Bd3 c5 6. c3 Nc6 7. Ne2 cxd4 8. cxd4
f6 9. exf6 Nxf6 10. O-O Bd6 11. Nf3 Qc7 12. Bg5 O-O 13. Bh4 Nh5 14. Qc2 h6 15.
Bh7+ Kh8 16. Bg6 Rxf3 17. Bxh5 Rf5 18. Bg6 Bxh2+ 19. Kh1 Bd6 20. Bxf5 exf5 21.
Rae1 Qf7 22. Bg3 Bb4 23. Rd1 Bd7 24. Be5 Nxe5 25. dxe5 Bb5 26. Kg1 f4 27. e6
Qxe6 28. Nd4 Qd7 29. Nxb5 Qxb5 30. Qb3 Qc4 31. Rxd5 Qxb3 32. axb3 a5 33. Rc1
Re8 34. Rc7 b6 35. Rdd7 g5 36. Rh7+ Kg8 37. Rhg7+ Kh8 38. Rh7+ Kg8 39. Rxh6 Bc5
40. Rg6+ Kf8 41. Rxg5 Re1+ 42. Kh2 Bxf2 43. Rf5+ Ke8 44. Rg5 Re7 45. Rxe7+ Kxe7
46. Kh3 Bd4 47. Rg6 Kd7 48. Kg4 Kc7 49. Kxf4 Bxb2 50. Ke4 b5 51. Ra6 Bc3 52.
Kd3 Bb4 53. g4 Kb7 54. Re6 1-0

[Event "ECCC 2013"]
[Site "Rhodes"]
[Date "2013.10.25"]
[Round "6"]
[White "Apaydin, Fethi"]
[Black "Gallant, Aurelien"]
[Result "1-0"]
[WhiteElo "2246"]
[BlackElo "2124"]
[PlyCount "67"]
[EventDate "2013.10.20"]
[EventType "team"]
[EventRounds "7"]
[EventCountry "GRE"]
[WhiteTeam "Besiktas JK"]
[BlackTeam "Sautron"]

1. e4 c5 2. Nc3 Nc6 3. g3 g6 4. Bg2 Bg7 5. d3 d6 6. f4 Nh6 7. Nf3 f5 8. O-O O-O
9. h3 Nf7 10. Be3 Nd4 11. exf5 gxf5 12. Rb1 Bd7 13. Ne2 e5 14. Nh4 Qe7 15. Nc3
exf4 16. Nd5 Qe6 17. Bxf4 Ne2+ 18. Kh2 Nxf4 19. Nxf4 Qh6 20. Nd5 Be5 21. Nxf5
Qg5 22. h4 Bxg3+ 23. Kg1 Bxh4 24. Nxh4 Kh8 25. Rf4 Be6 26. Nf3 Qxd5 27. Qe1
Rae8 28. Qh4 Rg8 29. Qf6+ Rg7 30. Re1 Ng5 31. Kf2 Nxf3 32. Rg4 Ree7 33. Rxg7
Rxg7 34. Bxf3 1-0

[Event "ECCC 2013"]
[Site "Rhodes"]
[Date "2013.10.25"]
[Round "6"]
[White "Tisdall, Jonathan D"]
[Black "Van De Griendt, Jan Willem"]
[Result "0-1"]
[WhiteElo "2437"]
[BlackElo "2317"]
[PlyCount "84"]
[EventDate "2013.10.20"]
[EventType "team"]
[EventRounds "7"]
[EventCountry "GRE"]
[WhiteTeam "Asker"]
[BlackTeam "White Rose"]

1. c4 Nf6 2. Nc3 c5 3. g3 e6 4. Nf3 b6 5. Bg2 Bb7 6. O-O d6 7. d4 cxd4 8. Qxd4
a6 9. Bg5 Nbd7 10. Nd2 Bxg2 11. Kxg2 Qc7 12. Rad1 h6 13. Be3 Rd8 14. Nde4 Nxe4
15. Nxe4 Nc5 16. Nc3 Nd7 17. f4 Be7 18. Qxg7 Bf6 19. Qg4 Qxc4 20. Rxd6 Ke7 21.
Rd2 Ne5 22. Qh5 Qc6+ 23. Kf2 Nc4 24. Rxd8 Rxd8 25. Qf3 Qxf3+ 26. Kxf3 Nd2+ 27.
Bxd2 Rxd2 28. e4 Bxc3 29. bxc3 Rxa2 30. h4 Rc2 31. Rb1 Rxc3+ 32. Kg4 b5 33. Ra1
Rc6 34. Kh5 e5 35. f5 b4 36. g4 b3 37. g5 hxg5 38. hxg5 b2 39. Rb1 Rc2 40. f6+
Ke6 41. Kh6 Rf2 42. Kg7 a5 0-1

[Event "ECCC 2013"]
[Site "Rhodes"]
[Date "2013.10.25"]
[Round "6"]
[White "Townsend, M Paul"]
[Black "Sahl, Bjarke"]
[Result "0-1"]
[WhiteElo "2233"]
[BlackElo "2356"]
[PlyCount "78"]
[EventDate "2013.10.20"]
[EventType "team"]
[EventRounds "7"]
[EventCountry "GRE"]
[WhiteTeam "White Rose"]
[BlackTeam "Asker"]

1. d4 Nf6 2. c4 e6 3. g3 c5 4. Nf3 cxd4 5. Nxd4 d5 6. Bg2 e5 7. Nf3 d4 8. O-O
Nc6 9. e3 Bc5 10. exd4 exd4 11. Nbd2 O-O 12. Nb3 Qb6 13. Bg5 Ng4 14. h3 Nge5
15. Nxe5 Nxe5 16. Qh5 Re8 17. Rfe1 Bf5 18. Nxc5 Qxc5 19. Be7 Rxe7 20. Qxf5 g6
21. Qf6 Re6 22. Qh4 Rae8 23. Red1 Qxc4 24. Rxd4 Qe2 25. Rad1 Qxb2 26. Qh6 Nc6
27. R4d2 Qf6 28. Rf1 R6e7 29. Kh2 Ne5 30. Rd5 Nf3+ 31. Bxf3 Qxf3 32. Qd2 Re2
33. Qd4 Rxa2 34. Rd7 h5 35. h4 a6 36. Qb6 Rae2 37. Rxb7 R8e3 38. Rb8+ Kh7 39.
Kg1 Rxf2 0-1

[Event "ECCC 2013"]
[Site "Rhodes"]
[Date "2013.10.25"]
[Round "6"]
[White "Hammerstad, Asmund"]
[Black "Barrett, Stephen J"]
[Result "1/2-1/2"]
[WhiteElo "2275"]
[BlackElo "2216"]
[PlyCount "88"]
[EventDate "2013.10.20"]
[EventType "team"]
[EventRounds "7"]
[EventCountry "GRE"]
[WhiteTeam "Asker"]
[BlackTeam "White Rose"]

1. d4 Nf6 2. c4 g6 3. Nc3 Bg7 4. e4 d6 5. Nf3 O-O 6. Be2 Bg4 7. Be3 Nfd7 8. Rc1
c5 9. d5 Na6 10. O-O Nc7 11. h3 Bxf3 12. Bxf3 a6 13. a4 b6 14. Qd2 Re8 15. Be2
e6 16. Rfe1 exd5 17. exd5 f5 18. Rb1 Qf6 19. Ra1 a5 20. Rad1 Qf8 21. g3 h6 22.
Kh2 Kh7 23. Rg1 Re7 24. Kg2 Rae8 25. Rge1 Bh8 26. Bf1 Bg7 27. h4 Nf6 28. Be2
Kh8 29. Bf4 Ne4 30. Nxe4 Rxe4 31. Bd3 Rxe1 32. Rxe1 Rxe1 33. Qxe1 Qf6 34. Qd2
h5 35. Qc2 Ne8 36. Qe2 Qf7 37. f3 Kg8 38. Qc2 Qf6 39. Bc1 Qd4 40. Qe2 Qe5 41.
Qd1 Qd4 42. Qb3 Be5 43. Qd1 Bf6 44. Qb3 Be5 1/2-1/2